| 000 | 00357 a2200157 4500 | ||
|---|---|---|---|
| 001 | 150878 | ||
| 040 | _cEscola São Tomás de Aquino | ||
| 100 | _aMOOT, Odette de Barros | ||
| 240 | 1 | 0 |
_aFérias do orfanato _lpor |
| 245 | 1 | 0 | _aFérias do orfanato |
| 300 | _a69 | ||
| 362 | 0 | _a2009 | |
| 440 | 1 | _aEditora do Brasil | |
| 697 | _aPsicologia | ||
| 942 | _cBK | ||
| 999 |
_c150878 _d150878 |
||